00188nam a2200073Ia 4500008004100000100001800041245004000059999001500099170524s9999 xx 000 0 und d aHODGETTS- R.M 0aJURAN'S QUALITY PLANNING & ANALYSIS c9692d9692